000 00497nam a2200181Ia 4500
008 220204s9999 xx 000 0 und d
082 _a577.1+577.122.36
_bBIO.7
100 _aARNSTEIN, H R W
245 0 _aSynthesis of amino acids and proteins
260 _aLondon
_bButterworth
_c1975
490 _aBiochemistry series one. V 7
505 _aMTP international review of science
650 _aAmino acid
650 _aGenetic code
650 _aProtein
650 _aRibosome
942 _cBK
999 _c26071
_d26071